[Event "Cto Aragon Equipos 2025 - Div. Honor"]
[Site "Aragon"]
[Date "2025.01.25"]
[Round "1.21"]
[White "Lopez Caudevilla, David"]
[Black "Galstyan, David"]
[Result "1-0"]
[WhiteElo "2186"]
[BlackElo "2279"]
[PlyCount "73"]
[GameId "2147807421385686"]
[EventDate "2025.01.25"]
[EventCountry "ESP"]
[WhiteTeam "Actur Rey Fernando"]
[BlackTeam "El Olivar"]

1. Nf3 d5 2. g3 e6 3. Bg2 Nf6 4. O-O Nc6 5. d4 Bd6 6. c4 O-O 7. Nc3 dxc4 8. e4 e5 9. d5 Na5 10. Qe2 a6 11. Bd2 b5 12. Nh4 Bd7 13. Nf5 b4 14. Nd1 c3 15. bxc3 Bb5 16. Qf3 Bxf1 17. Bxf1 bxc3 18. Bg5 Nb7 19. Nde3 Nc5 20. Nxg7 Ncxe4 21. Bh4 Kxg7 22. Bd3 Qd7 23. Nf5+ Kh8 24. Rc1 Rab8 25. Rxc3 Rb4 26. Rc6 Rb6 27. Nxd6 Nxd5 28. Qxe4 f5 29. Qxe5+ Qg7 30. Qxd5 Rxc6 31. Qxc6 cxd6 32. Qxd6 f4 33. Be7 Qa1+ 34. Kg2 f3+ 35. Kh3 Rf7 36. Bc4 Qb1 37. Bf6+ 1-0

[Event "Cto Aragon Equipos 2025 - Div. Honor"]
[Site "Aragon"]
[Date "2025.01.25"]
[Round "1.22"]
[White "Munoz Perez, Ivan"]
[Black "Perez Puyal, Jose Joaquin"]
[Result "1/2-1/2"]
[WhiteElo "2231"]
[BlackElo "1901"]
[PlyCount "60"]
[GameId "2147807421443031"]
[EventDate "2025.01.25"]
[EventCountry "ESP"]
[WhiteTeam "El Olivar"]
[BlackTeam "Actur Rey Fernando"]

1. e4 d5 2. exd5 Qxd5 3. Nc3 Qd6 4. d4 Nf6 5. Nf3 c6 6. Be2 Bg4 7. h3 Bh5 8. Bg5 Nbd7 9. Qd2 Qc7 10. Bf4 Qa5 11. O-O e6 12. a3 Be7 13. Rfe1 O-O 14. b4 Qd8 15. Ne5 Bxe2 16. Qxe2 Nb6 17. Red1 Nbd5 18. Nxd5 Nxd5 19. Bd2 Qc7 20. c4 Nf6 21. Bf4 Qd8 22. Qb2 Qb6 23. c5 Qd8 24. a4 Nd5 25. Bg3 Bf6 26. Nc4 Qd7 27. b5 b6 28. Bd6 Rfc8 29. Ne5 Bxe5 30. Bxe5 a6 1/2-1/2

[Event "Cto Aragon Equipos 2025 - Div. Honor"]
[Site "Aragon"]
[Date "2025.01.25"]
[Round "1.23"]
[White "Garcia Alvarez, Sergio"]
[Black "Miranda Herrera, Miguel"]
[Result "0-1"]
[WhiteElo "1879"]
[BlackElo "2160"]
[PlyCount "114"]
[GameId "2147807421496280"]
[EventDate "2025.01.25"]
[EventCountry "ESP"]
[WhiteTeam "Actur Rey Fernando"]
[BlackTeam "El Olivar"]

1. e4 c5 2. c3 Nf6 3. e5 Nd5 4. d4 cxd4 5. Nf3 e6 6. cxd4 d6 7. Bc4 Be7 8. O-O O-O 9. Nc3 Nxc3 10. bxc3 Qc7 11. Qb3 Nc6 12. Bb5 a6 13. Bxc6 Qxc6 14. Ba3 Rd8 15. Rfb1 b5 16. Bb4 Bd7 17. Rc1 Rdc8 18. Qa3 a5 19. Bxd6 Bxd6 20. Qxd6 Qxd6 21. exd6 Ra6 22. Ne5 Rxd6 23. Nxd7 Rxd7 24. a4 bxa4 25. Rxa4 g6 26. g4 Kg7 27. g5 Rd5 28. f4 Rf5 29. c4 Rxf4 30. Rxa5 Rxd4 31. c5 Rg4+ 32. Kf2 Rxg5 33. Ke3 Rd5 34. h4 h5 35. Ke4 Rc6 36. Rb5 f5+ 37. Kf3 Kf6 38. Kg3 Rd3+ 39. Kg2 Rd4 40. Kg3 Rg4+ 41. Kh3 Ke5 42. Re1+ Kd5 43. Rb6 Rxb6 44. cxb6 Rb4 45. Rg1 Rxb6 46. Rxg6 Rb3+ 47. Kg2 Rb4 48. Kh3 Rg4 49. Rh6 e5 50. Rxh5 Ke4 51. Rg5 Kf4 52. Rxg4+ fxg4+ 53. Kg2 e4 54. Kf1 Kf5 55. Kf2 Kg6 56. Kg3 e3 57. Kg2 Kh5 0-1

[Event "Cto Aragon Equipos 2025 - Div. Honor"]
[Site "Aragon"]
[Date "2025.01.25"]
[Round "1.25"]
[White "Chueca Forcen, Alberto"]
[Black "Llorente Zaro, Alfonso"]
[Result "1/2-1/2"]
[WhiteElo "2270"]
[BlackElo "2444"]
[PlyCount "58"]
[GameId "2147807421594586"]
[EventDate "2025.01.25"]
[EventCountry "ESP"]
[WhiteTeam "Teruel"]
[BlackTeam "Agrupacion"]

1. Nc3 e5 2. Nf3 Nc6 3. d4 exd4 4. Nxd4 Nf6 5. Bg5 Bb4 6. Nxc6 Bxc3+ 7. bxc3 bxc6 8. Qd4 h6 9. Bxf6 Qxf6 10. Qxf6 gxf6 11. e3 d6 12. Be2 Rb8 13. Kd2 Be6 14. Rhb1 Rb6 15. a4 Kd7 16. a5 Rbb8 17. Rxb8 Rxb8 18. Ra4 c5 19. Rh4 Rh8 20. Bc4 Ke7 21. Bb3 Kf8 22. Ra4 Bd7 23. Rf4 Kg7 24. Re4 Kf8 25. Rf4 Ke7 26. Re4+ Be6 27. Rh4 Kf8 28. Ra4 Bd7 29. Rf4 Ke7 1/2-1/2

[Event "Cto Aragon Equipos 2025 - Div. Honor"]
[Site "Aragon"]
[Date "2025.01.25"]
[Round "1.26"]
[White "Remiro Juste, Fernando Jose"]
[Black "Cabrera Moreno, Daniel"]
[Result "1-0"]
[WhiteElo "2208"]
[BlackElo "2132"]
[PlyCount "31"]
[GameId "2147807421721563"]
[EventDate "2025.01.25"]
[EventCountry "ESP"]
[WhiteTeam "Agrupacion"]
[BlackTeam "Teruel"]

1. b3 d5 2. Bb2 c5 3. e3 Nc6 4. Bb5 Bd7 5. Nf3 Nf6 6. O-O e6 7. Bxc6 Bxc6 8. Ne5 Bd6 9. f4 O-O 10. d3 Rc8 11. Nd2 Qe7 12. Rf3 Nd7 13. Rh3 Rfd8 14. Nxd7 Bxd7 15. Qh5 h6 16. Bxg7 1-0

[Event "Cto Aragon Equipos 2025 - Div. Honor"]
[Site "Aragon"]
[Date "2025.01.25"]
[Round "1.27"]
[White "Dominguez Bujeda, Jesus"]
[Black "Roque Sola, Gisela"]
[Result "1-0"]
[WhiteElo "2059"]
[BlackElo "2084"]
[PlyCount "55"]
[GameId "2147807421774812"]
[EventDate "2025.01.25"]
[EventCountry "ESP"]
[WhiteTeam "Teruel"]
[BlackTeam "Agrupacion"]

1. c4 Nf6 2. Nc3 g6 3. e4 e5 4. f4 d6 5. Nf3 exf4 6. d4 Bg7 7. Bxf4 O-O 8. Be2 Re8 9. Bg5 c6 10. O-O Qb6 11. e5 dxe5 12. c5 Qa5 13. Nxe5 Nbd7 14. Nxd7 Nxd7 15. Bc4 Ne5 16. Bb3 Bg4 17. Qc2 Nf3+ 18. gxf3 Bxd4+ 19. Kg2 Bf5 20. Ne4 Re5 21. Qc4 Rd5 22. Bf6 Bxe4 23. fxe4 Qd2+ 24. Kh1 Bxf6 25. Rxf6 Qxb2 26. Raf1 Rh5 27. Qxf7+ Kh8 28. Qc7 1-0

[Event "Cto Aragon Equipos 2025 - Div. Honor"]
[Site "Aragon"]
[Date "2025.01.25"]
[Round "1.28"]
[White "Ivanov Ivanov, Deni"]
[Black "Gomez Calomarde, Saul"]
[Result "0-1"]
[WhiteElo "1840"]
[BlackElo "2075"]
[PlyCount "72"]
[GameId "2147807421844445"]
[EventDate "2025.01.25"]
[EventCountry "ESP"]
[WhiteTeam "Agrupacion"]
[BlackTeam "Teruel"]

1. d4 Nf6 2. c4 e6 3. Nf3 b6 4. Bg5 Be7 5. Qc2 Bb7 6. Nc3 h6 7. Bf4 Nh5 8. Bd2 d5 9. e4 dxe4 10. Nxe4 O-O 11. O-O-O Nc6 12. g4 Nf6 13. Rg1 Nxd4 14. Nxf6+ Bxf6 15. Nxd4 Bxd4 16. g5 hxg5 17. Bxg5 Qd6 18. Rg4 e5 19. Bd3 f6 20. Bh6 f5 21. Rh4 gxh6 22. Rg1+ Kh8 23. Bxf5 Rf6 24. Bg6 Rg8 25. Rxh6+ Kg7 26. Bf5+ Kf8 27. Rgg6 Rfxg6 28. Bxg6 e4 29. Qa4 Bc6 30. Qxa7 Qf4+ 31. Kb1 Qxh6 32. Qb8+ Kg7 33. Qxc7+ Kh8 34. Bf5 Rg1+ 35. Kc2 Qc1+ 36. Kb3 Qd1+ 0-1

[Event "Cto Aragon Equipos 2025 - Div. Honor"]
[Site "Aragon"]
[Date "2025.01.25"]
[Round "1.29"]
[White "Ramo Frontinan, Cristobal"]
[Black "Llanes Luno, Ricardo"]
[Result "1/2-1/2"]
[WhiteElo "2293"]
[BlackElo "2170"]
[PlyCount "61"]
[GameId "2147807421897694"]
[EventDate "2025.01.25"]
[EventCountry "ESP"]
[WhiteTeam "Maristas"]
[BlackTeam "ONCE CA Aragon Delicias"]

1. e4 c5 2. Nf3 e6 3. d3 Nc6 4. g3 d5 5. Nbd2 Nf6 6. Bg2 Be7 7. O-O O-O 8. Re1 h6 9. c3 a5 10. a4 Bd7 11. e5 Nh7 12. Nf1 Qc7 13. h4 Rfb8 14. Ne3 b5 15. axb5 Rxb5 16. c4 dxc4 17. Nxc4 Rab8 18. Bd2 Nb4 19. Bc3 Bc6 20. Qe2 Bd5 21. Red1 Nf8 22. Nfd2 Rd8 23. Ne4 Bxc4 24. dxc4 Rbb8 25. f4 Rxd1+ 26. Rxd1 Rd8 27. Rxd8 Qxd8 28. Qd2 Qc7 29. Bf3 Nd7 30. b3 Nb8 31. Kg2 1/2-1/2

[Event "Cto Aragon Equipos 2025 - Div. Honor"]
[Site "Aragon"]
[Date "2025.01.25"]
[Round "1.30"]
[White "Gavin Roche, Enrique"]
[Black "Neila Castillo, Miguel Angel"]
[Result "0-1"]
[WhiteElo "2145"]
[BlackElo "2119"]
[PlyCount "68"]
[GameId "2147807421983711"]
[EventDate "2025.01.25"]
[EventCountry "ESP"]
[WhiteTeam "ONCE CA Aragon Delicias"]
[BlackTeam "Maristas"]

1. d4 Nf6 2. c4 e6 3. Nc3 Bb4 4. Bd2 b6 5. Nf3 Bb7 6. e3 O-O 7. Bd3 Bxc3 8. Bxc3 Ne4 9. Rc1 f5 10. O-O d6 11. b4 Rf6 12. Bb2 Rh6 13. c5 Ng5 14. Be2 Ne4 15. cxd6 cxd6 16. Qc2 Nc6 17. d5 Nxb4 18. Qc7 Qxc7 19. Rxc7 Bxd5 20. Rxg7+ Kf8 21. a3 Nc6 22. Rc7 Ne7 23. Rfc1 Nc5 24. Ng5 Ke8 25. f4 a6 26. g3 Rg6 27. Bh5 Kd8 28. Bxg6 hxg6 29. Bf6 Kxc7 30. Bxe7 Kd7 31. Bf6 b5 32. Bg7 Rc8 33. Nh7 Bb7 34. Bh6 Rh8 0-1

[Event "Cto Aragon Equipos 2025 - Div. Honor"]
[Site "Aragon"]
[Date "2025.01.25"]
[Round "1.31"]
[White "Naya Sancho, Jose Ignacio"]
[Black "Lamas Mercadal, Manuel"]
[Result "0-1"]
[WhiteElo "2076"]
[BlackElo "2105"]
[PlyCount "68"]
[GameId "2147807422053344"]
[EventDate "2025.01.25"]
[EventCountry "ESP"]
[WhiteTeam "Maristas"]
[BlackTeam "ONCE CA Aragon Delicias"]

1. e4 c5 2. Nc3 Nc6 3. f4 g6 4. Nf3 Bg7 5. Bc4 e6 6. O-O Nge7 7. Kh1 d5 8. exd5 exd5 9. Be2 O-O 10. d3 Nd4 11. Bd2 Nef5 12. g4 Nxe2 13. Qxe2 Nd4 14. Nxd4 cxd4 15. Nd1 Re8 16. Qf3 f5 17. g5 Be6 18. Re1 Rc8 19. Rc1 Bf7 20. Kg2 Rc6 21. Rxe8+ Qxe8 22. Bb4 Re6 23. Kf2 b6 24. b3 a5 25. Bd2 Bf8 26. c3 Bc5 27. c4 dxc4 28. bxc4 Qa4 29. Rb1 Qxa2 30. Rb2 Qa4 31. Kg3 Qe8 32. Kf2 Qe7 33. Kf1 Be8 34. Qd5 Bc6 0-1

[Event "Cto Aragon Equipos 2025 - Div. Honor"]
[Site "Aragon"]
[Date "2025.01.25"]
[Round "1.32"]
[White "Laliena Solanes, Luis"]
[Black "Campo Millan, Diego"]
[Result "1-0"]
[WhiteElo "2096"]
[BlackElo "2060"]
[PlyCount "75"]
[GameId "2147807422122977"]
[EventDate "2025.01.25"]
[EventCountry "ESP"]
[WhiteTeam "ONCE CA Aragon Delicias"]
[BlackTeam "Maristas"]

1. d4 Nf6 2. Nc3 d5 3. Bf4 g6 4. e3 Bg7 5. h4 h5 6. Nf3 O-O 7. Bd3 c5 8. dxc5 Qa5 9. O-O Bg4 10. Nb5 a6 11. Nbd4 Qxc5 12. Nb3 Qb6 13. Be2 Nc6 14. Ne5 Bxe2 15. Qxe2 Rac8 16. c3 Rfd8 17. Nxc6 Qxc6 18. Be5 b5 19. Rfd1 Ne4 20. Bxg7 Kxg7 21. Rd4 Qb6 22. Qd1 e6 23. a4 Nd6 24. axb5 axb5 25. Rb4 Rc4 26. Nd4 Rxb4 27. cxb4 Nc4 28. b3 e5 29. Nf3 e4 30. bxc4 exf3 31. c5 Qf6 32. Qd4 Qxd4 33. exd4 fxg2 34. Ra6 Re8 35. Rb6 Re4 36. Rxb5 Rxd4 37. c6 Rxh4 38. c7 1-0

[Event "Cto Aragon Equipos 2025 - Preferente"]
[Site "Aragon"]
[Date "2025.01.25"]
[Round "1.33"]
[White "Salamero Pelay, Fernando"]
[Black "Gracia Suarez, Jesus"]
[Result "1-0"]
[WhiteElo "2052"]
[BlackElo "2054"]
[PlyCount "51"]
[GameId "2147807422270434"]
[EventDate "2025.01.25"]
[EventCountry "ESP"]
[WhiteTeam "Atletismo Huesca"]
[BlackTeam "San Jose"]

1. e4 c5 2. Nf3 Nc6 3. d4 cxd4 4. Nxd4 Nf6 5. Nc3 d6 6. Bg5 Bd7 7. Bxf6 gxf6 8. Nf5 Qa5 9. Bb5 a6 10. Bxc6 bxc6 11. Qd3 Rb8 12. O-O Rg8 13. a3 Rg5 14. b4 Qb6 15. Kh1 d5 16. Rae1 Kd8 17. Rd1 e6 18. f4 Rg8 19. Ne3 Kc8 20. exd5 cxd5 21. Qxh7 Rg7 22. Qd3 f5 23. Nc4 Qa7 24. Ne5 Bb5 25. Nxb5 Rxb5 26. c4 1-0

[Event "Cto Aragon Equipos 2025 - Preferente"]
[Site "Aragon"]
[Date "2025.01.25"]
[Round "1.34"]
[White "Palomar Ramon, Santiago"]
[Black "Bellosta Lopez, Pablo"]
[Result "1/2-1/2"]
[WhiteElo "1943"]
[BlackElo "1996"]
[PlyCount "116"]
[GameId "2147807422704611"]
[EventDate "2025.01.25"]
[EventCountry "ESP"]
[WhiteTeam "San Jose"]
[BlackTeam "Atletismo Huesca"]

1. d4 d5 2. Bg5 c6 3. Nd2 h6 4. Bf4 Qb6 5. e3 Qxb2 6. Bd3 e6 7. Ngf3 Nf6 8. O-O Qa3 9. Qe2 Nbd7 10. Ne5 Be7 11. Nxd7 Nxd7 12. e4 Bd6 13. Nb1 Qb2 14. Bxd6 Qxa1 15. c3 dxe4 16. Bxe4 Nb6 17. Ba3 e5 18. Bxc6+ bxc6 19. Qxe5+ Be6 20. Qd6 Nc8 21. Qxc6+ Kd8 22. Qxa8 Qxa2 23. Qb8 h5 24. Qe5 Rh6 25. Bb4 Qd5 26. Re1 Rg6 27. Ba5+ Nb6 28. Qxd5+ Bxd5 29. g3 h4 30. Nd2 hxg3 31. fxg3 Kd7 32. Bxb6 Rxb6 33. Ra1 a6 34. Kf2 Rc6 35. Ra3 Kc7 36. h4 Kb7 37. Ke3 Re6+ 38. Kf4 Re2 39. Nb3 Kb6 40. Nc5 a5 41. Nd7+ Kb5 42. Ne5 Re4+ 43. Kf5 Re1 44. c4+ Bxc4 45. Nxc4 Kxc4 46. Rxa5 Kxd4 47. Ra7 Rf1+ 48. Kg5 Ke5 49. g4 Ke6 50. h5 Rh1 51. Ra6+ Ke7 52. Ra4 Rh2 53. Re4+ Kf8 54. Kf5 Rh1 55. Ke5 Ke7 56. Kd5+ Kf6 57. Rf4+ Ke7 58. Re4+ Kf6 1/2-1/2

[Event "Cto Aragon Equipos 2025 - Preferente"]
[Site "Aragon"]
[Date "2025.01.25"]
[Round "1.35"]
[White "Gella Bitrian, Diego"]
[Black "Baldellou Vicente, Roberto"]
[Result "1-0"]
[WhiteElo "1990"]
[BlackElo "1933"]
[PlyCount "67"]
[GameId "2147807422802916"]
[EventDate "2025.01.25"]
[EventCountry "ESP"]
[WhiteTeam "Atletismo Huesca"]
[BlackTeam "San Jose"]

1. e4 e6 2. d4 d5 3. Nd2 dxe4 4. Nxe4 Nd7 5. Nf3 Ngf6 6. Bd3 Nxe4 7. Bxe4 Nf6 8. Bd3 c5 9. O-O cxd4 10. Ne5 Bc5 11. Bb5+ Bd7 12. Nxd7 Nxd7 13. Qg4 Rg8 14. Qh5 Rc8 15. Qxh7 Kf8 16. Re1 Nf6 17. Qd3 Rh8 18. Bf4 Nd5 19. Bg3 Nb4 20. Qe4 a6 21. Ba4 b5 22. Bb3 Qb6 23. Rad1 Rh5 24. Qg4 Rf5 25. Qh4 Kg8 26. c3 dxc3 27. bxc3 Nd5 28. Bc2 Nxc3 29. Bxf5 exf5 30. Rd7 Nxa2 31. Qf4 Rd8 32. Qxf5 Rxd7 33. Qxd7 Qd6 34. Bxd6 1-0

[Event "Cto Aragon Equipos 2025 - Preferente"]
[Site "Aragon"]
[Date "2025.01.25"]
[Round "1.36"]
[White "Rubio Tello, Abel"]
[Black "Molina Cubero-Luna, German"]
[Result "0-1"]
[WhiteElo "1874"]
[BlackElo "1915"]
[PlyCount "44"]
[GameId "2147807422884837"]
[EventDate "2025.01.25"]
[EventCountry "ESP"]
[WhiteTeam "San Jose"]
[BlackTeam "Atletismo Huesca"]

1. d4 Nf6 2. Nf3 d5 3. Bg5 Ne4 4. Bf4 g6 5. Nbd2 Bg7 6. Nxe4 dxe4 7. Ne5 Nd7 8. e3 O-O 9. Bc4 Nxe5 10. Bxe5 Bxe5 11. dxe5 c5 12. Qd5 Qb6 13. O-O Bf5 14. Bb3 Rad8 15. Qc4 Qc7 16. e6 Bxe6 17. Qc3 c4 18. a3 b5 19. Rad1 Rxd1 20. Rxd1 Rd8 21. Rd4 Rxd4 22. exd4 Qf4 0-1

[Event "Cto Aragon Equipos 2025 - Preferente"]
[Site "Aragon"]
[Date "2025.01.25"]
[Round "1.37"]
[White "Arrieta Restrepo, Steven"]
[Black "Torrente Gayarre, Lorenzo"]
[Result "1-0"]
[WhiteElo "2095"]
[BlackElo "1999"]
[PlyCount "55"]
[GameId "2147807422970854"]
[EventDate "2025.01.25"]
[EventCountry "ESP"]
[WhiteTeam "Monzon"]
[BlackTeam "Jaque - Aramovil B"]

1. e4 c6 2. Nc3 d5 3. Nf3 dxe4 4. Nxe4 Nf6 5. Qe2 Nxe4 6. Qxe4 Qd5 7. Qf4 Qd6 8. d4 Qxf4 9. Bxf4 Bf5 10. O-O-O e6 11. Bd3 Bg4 12. Be2 h5 13. h3 Bf5 14. Bd3 Bxd3 15. Rxd3 Nd7 16. Rb3 b6 17. c4 O-O-O 18. Ng5 Nf6 19. Nxf7 Rxd4 20. Nxh8 Rxf4 21. Ng6 Rxc4+ 22. Rc3 Rxc3+ 23. bxc3 Bc5 24. Re1 Kd7 25. Ne5+ Kd6 26. Nd3 Nd5 27. Kc2 g5 28. Re5 1-0

[Event "Cto Aragon Equipos 2025 - Preferente"]
[Site "Aragon"]
[Date "2025.01.25"]
[Round "1.38"]
[White "Montoro Mavilla, Sergio"]
[Black "Hidalgo Gracia, Andres"]
[Result "1-0"]
[WhiteElo "1944"]
[BlackElo "2036"]
[PlyCount "91"]
[GameId "2147807423200231"]
[EventDate "2025.01.25"]
[EventCountry "ESP"]
[WhiteTeam "Jaque - Aramovil B"]
[BlackTeam "Monzon"]

1. e4 d6 2. d4 Nf6 3. Nc3 e5 4. Nf3 Nbd7 5. Bc4 Be7 6. O-O O-O 7. a4 c6 8. a5 Rb8 9. Qe2 b5 10. axb6 axb6 11. d5 b5 12. dxc6 bxc4 13. cxd7 Qxd7 14. Qxc4 Bb7 15. Bg5 Rfc8 16. Qd3 Bc6 17. Bxf6 Bxf6 18. Ra2 Qe6 19. Rfa1 Bd8 20. Nd2 Bb6 21. Nb3 f5 22. Qh3 Rf8 23. Rd1 Qg6 24. Nd5 Bxd5 25. exd5 Kh8 26. Nd2 f4 27. Qd3 Qxd3 28. cxd3 Bd4 29. Nc4 Rb5 30. Rb1 Rfb8 31. b4 h6 32. Nxd6 Rxd5 33. Nf5 Bc3 34. h4 h5 35. Ra7 Rxb4 36. Rxb4 Bxb4 37. Nxg7 Rxd3 38. Nxh5 Bc5 39. Rb7 Rd1+ 40. Kh2 Bxf2 41. Nf6 Bg3+ 42. Kh3 Rh1+ 43. Kg4 Rxh4+ 44. Kg5 f3 45. Kg6 e4 46. Rd7 1-0

[Event "Cto Aragon Equipos 2025 - Preferente"]
[Site "Aragon"]
[Date "2025.01.25"]
[Round "1.39"]
[White "Barranco Mananet, Fernando"]
[Black "Carrasquer Alonso, Luis"]
[Result "1-0"]
[WhiteElo "1949"]
[BlackElo "1883"]
[PlyCount "55"]
[GameId "2147807423282152"]
[EventDate "2025.01.25"]
[EventCountry "ESP"]
[WhiteTeam "Monzon"]
[BlackTeam "Jaque - Aramovil B"]

1. e4 e5 2. Nf3 Nc6 3. Bc4 d6 4. c3 Na5 5. Bd3 c5 6. Bc2 Nc6 7. h3 d5 8. exd5 Qxd5 9. O-O c4 10. b3 b5 11. Re1 Nf6 12. a4 Ba6 13. axb5 Bxb5 14. bxc4 Qxc4 15. d3 Qc5 16. c4 O-O-O 17. cxb5 Nb4 18. Na3 Nxd3 19. Bxd3 e4 20. Be3 Rxd3 21. Bxc5 Rxd1 22. Rexd1 Bxc5 23. Rac1 Kb7 24. Rxc5 exf3 25. gxf3 Re8 26. Nc4 Re2 27. Rc6 Nh5 28. Nd6+ 1-0

[Event "Cto Aragon Equipos 2025 - Preferente"]
[Site "Aragon"]
[Date "2025.01.25"]
[Round "1.40"]
[White "Zazuliak, Kostiantyn"]
[Black "Rodriguez Aranda, Kevin"]
[Result "1/2-1/2"]
[WhiteElo "1868"]
[BlackElo "1883"]
[PlyCount "107"]
[GameId "2147807423388649"]
[EventDate "2025.01.25"]
[EventCountry "ESP"]
[WhiteTeam "Jaque - Aramovil B"]
[BlackTeam "Monzon"]

1. d4 d5 2. Nf3 Nf6 3. g3 Bg4 4. Bg2 e6 5. O-O Bd6 6. c4 c6 7. Nc3 O-O 8. Qb3 dxc4 9. Qxc4 b5 10. Qd3 Nbd7 11. Rd1 Rc8 12. Bg5 h6 13. Bxf6 Nxf6 14. e4 b4 15. Ne2 Bb8 16. Qe3 Qb6 17. h3 Bh5 18. Nf4 Bxf3 19. Qxf3 e5 20. dxe5 Bxe5 21. Nd3 Bd4 22. Qf5 g6 23. Qf4 Kg7 (23... c5 24. e5) 24. Ne5 Nh5 25. Nd7 Nxf4 26. Nxb6 Ne2+ 27. Kf1 Nxg3+ 28. fxg3 Bxb6 29. Ke2 c5 30. Kd2 Kf6 31. Kc2 c4 32. Rd5 Bc7 33. g4 Be5 34. Rad1 Rb8 35. h4 b3+ 36. axb3 Rxb3 37. g5+ hxg5 38. hxg5+ Ke6 39. Bf1 Rxb2+ 40. Kc1 Rh2 (40... Rb3 41. Bxc4 Rc3+ 42. Kd2 Rxc4) 41. Bxc4 Bf4+ 42. Kb1 Rb8+ 43. Rb5+ Ke7 44. Rxb8 Bxb8 45. Rf1 Rg2 46. Rxf7+ Kd6 47. Rb7 Bc7 48. Rxa7 Rxg5 49. e5+ Rxe5 50. Ra6+ Kc5 51. Rxg6 Kb4 52. Bg8 Rc5 53. Rg4+ Kc3 54. Rc4+ 1/2-1/2

[Event "Cto Aragon Equipos 2025 - Preferente"]
[Site "Aragon"]
[Date "2025.01.25"]
[Round "1.41"]
[White "Vallverdu Miret, Oscar"]
[Black "Bonet Herbera, Isabel"]
[Result "1/2-1/2"]
[WhiteElo "2028"]
[BlackElo "1990"]
[PlyCount "86"]
[GameId "2147807423458282"]
[EventDate "2025.01.25"]
[EventCountry "ESP"]
[WhiteTeam "Fraga"]
[BlackTeam "Binefar"]

1. e4 e5 2. Nf3 Nc6 3. d4 exd4 4. Bc4 Bc5 5. c3 Nf6 6. e5 d5 7. Bb5 Ne4 8. Nxd4 O-O 9. Bxc6 bxc6 10. O-O Ba6 11. Re1 Bb6 12. Be3 Qd7 13. a4 Bxd4 14. cxd4 f5 15. f3 f4 16. fxe4 fxe3 17. Nc3 Qf7 18. Qf3 Qxf3 19. gxf3 Rxf3 20. exd5 Raf8 21. dxc6 R8f5 22. Ne2 Rg5+ 23. Ng3 h5 24. Ra3 h4 25. Raxe3 Rxe3 26. Rxe3 hxg3 27. hxg3 Kf7 28. d5 Ke7 29. b4 Rg4 30. b5 Bc8 31. Rd3 Bf5 32. d6+ Kd8 33. Rf3 g6 34. a5 Rb4 35. b6 axb6 36. axb6 Rxb6 37. g4 Rxc6 38. gxf5 gxf5 39. dxc7+ Rxc7 40. Rxf5 Ke7 41. Kf2 Ke6 42. Rh5 Rc5 43. Kf3 Rxe5 1/2-1/2

[Event "Cto Aragon Equipos 2025 - Preferente"]
[Site "Aragon"]
[Date "2025.01.25"]
[Round "1.42"]
[White "Ballarin Corvinos, Jorge"]
[Black "Aribau Rivas, Miguel Angel"]
[Result "1-0"]
[WhiteElo "1865"]
[BlackElo "1987"]
[PlyCount "73"]
[GameId "2147807423527915"]
[EventDate "2025.01.25"]
[EventCountry "ESP"]
[WhiteTeam "Binefar"]
[BlackTeam "Fraga"]

1. e4 c5 2. Nf3 g6 3. Nc3 Bg7 4. d4 cxd4 5. Nxd4 Nc6 6. Be3 Nf6 7. Qd2 O-O 8. f3 d5 9. exd5 Nxd5 10. Nxd5 Qxd5 11. Nxc6 Qxc6 12. O-O-O Bf5 13. Bd3 Rad8 14. Qe2 Bxd3 15. Rxd3 Qb5 16. b3 Qb4 17. Kb1 Rxd3 18. Qxd3 Qa5 19. Rd1 b5 20. Bc1 b4 21. Bb2 Bxb2 22. Kxb2 Qe5+ 23. Qd4 Qxh2 24. Qxb4 Qxg2 25. Rd3 Rc8 26. Qd2 Qxd2 27. Rxd2 Rc7 28. c4 Kg7 29. Kc3 Kf6 30. b4 h5 31. b5 g5 32. a4 Ke5 33. a5 Kf4 34. b6 axb6 35. axb6 Rb7 36. c5 Kxf3 37. Rb2 1-0

[Event "Cto Aragon Equipos 2025 - Preferente"]
[Site "Aragon"]
[Date "2025.01.25"]
[Round "1.43"]
[White "Casas Chine, German"]
[Black "Garcia Alriols, Jesus"]
[Result "0-1"]
[WhiteElo "1904"]
[BlackElo "1852"]
[PlyCount "54"]
[GameId "2147807423597548"]
[EventDate "2025.01.25"]
[EventCountry "ESP"]
[WhiteTeam "Fraga"]
[BlackTeam "Binefar"]

1. e4 e6 2. d4 d5 3. e5 c5 4. c3 Nc6 5. Nf3 Qb6 6. a3 Nh6 7. b4 cxd4 8. cxd4 Nf5 9. Be3 Be7 10. Nc3 O-O 11. Bd3 Nxe3 12. fxe3 f6 13. exf6 Bxf6 14. O-O Bd7 15. Rc1 Ne7 16. Kh1 g6 17. Qc2 Qd6 18. e4 e5 19. dxe5 Bxe5 20. Nxe5 Qxe5 21. Nxd5 Nc6 22. Rxf8+ Rxf8 23. Rf1 Be6 24. h3 Kg7 25. Rxf8 Kxf8 26. Qf2+ Kg7 27. Qf4 Bxd5 0-1

[Event "Cto Aragon Equipos 2025 - Preferente"]
[Site "Aragon"]
[Date "2025.01.25"]
[Round "1.44"]
[White "Rosa Garcia, Jesus"]
[Black "Agustin De Dios, Adrian"]
[Result "0-1"]
[WhiteElo "1842"]
[BlackElo "1865"]
[PlyCount "78"]
[GameId "2147807423646701"]
[EventDate "2025.01.25"]
[EventCountry "ESP"]
[WhiteTeam "Binefar"]
[BlackTeam "Fraga"]

1. b4 e5 2. Bb2 Bxb4 3. Bxe5 Nf6 4. Nf3 O-O 5. e3 d5 6. Be2 Re8 7. O-O c5 8. d3 Nbd7 9. Bb2 Ba5 10. Nbd2 Bc7 11. c4 Nf8 12. Bxf6 gxf6 13. cxd5 Ng6 14. Qb3 b6 15. d4 Bd6 16. Bb5 Bd7 17. Bc6 Rc8 18. Qa4 Bxc6 19. dxc6 Ne7 20. Qxa7 Nxc6 21. Qa4 Ne7 22. dxc5 bxc5 23. Ne4 Nf5 24. Rfd1 Qe7 25. Nc3 Kh8 26. Rd5 Ng7 27. Rad1 Bb8 28. Rd7 Qe6 29. g3 Nf5 30. R1d3 c4 31. Nd4 Nxd4 32. R3xd4 Be5 33. Nb5 Bxd4 34. Nxd4 Qe4 35. Rxf7 Rb8 36. Nb5 Qb1+ 37. Kg2 Qxb5 38. Qa7 Qd5+ 39. f3 Rb2+ 0-1

[Event "Cto Aragon Equipos 2025 - Preferente"]
[Site "Aragon"]
[Date "2025.01.25"]
[Round "1.45"]
[White "Galve Guinea, Alejandro"]
[Black "Climente Martinez, Jose Luis"]
[Result "1/2-1/2"]
[WhiteElo "1949"]
[BlackElo "2021"]
[PlyCount "180"]
[GameId "2147807423708142"]
[EventDate "2025.01.25"]
[EventCountry "ESP"]
[WhiteTeam "El Olivar C"]
[BlackTeam "Palacio De Pioneros B"]

1. Nf3 Nf6 2. c4 e6 3. Nc3 d5 4. d4 c6 5. Bg5 Nbd7 6. e3 Qa5 7. cxd5 Nxd5 8. Qd2 Bb4 9. Rc1 Nxc3 10. bxc3 Ba3 11. Rb1 b6 12. Bd3 Ba6 13. O-O h6 14. Bh4 O-O 15. Rfd1 Bxd3 16. Qxd3 Rfe8 17. Nd2 Qh5 18. Bg3 Be7 19. c4 Rad8 20. e4 c5 21. d5 Bf6 22. Qa3 Ra8 23. Qa4 Ne5 24. f4 Ng4 25. e5 Bh4 26. Nf3 Bxg3 27. hxg3 Ne3 28. Rd3 Qg6 29. Qb3 Nf5 30. Ne1 Nd4 31. Qd1 Qe4 32. d6 Red8 33. a4 f6 34. Nf3 fxe5 35. fxe5 Nxf3+ 36. Qxf3 Qxe5 37. d7 Qf5 38. Qd1 e5 39. Rd5 Rab8 40. Rb2 Rb7 41. Rf2 Qe6 42. Rd6 Rbxd7 43. Rxe6 Rxd1+ 44. Kh2 Rc1 45. Re7 Rxc4 46. Rff7 Rg4 47. Rxa7 Rd6 48. Rfe7 e4 49. Ra8+ Kh7 50. Rae8 Rd4 51. Rb8 Rg6 52. Ree8 Rf6 53. Ra8 Kg6 54. Re7 Kh7 55. Raa7 Rg6 56. Ra8 h5 57. Re5 c4 58. Rc8 Rh6 59. Re7 Rg6 60. Re5 Rh6 61. Re7 h4 62. g4 Rg6 63. Kh3 e3 64. Rxe3 Rdxg4 65. Re2 Rg3+ 66. Kh2 c3 67. Rc4 R6g4 68. Rc6 Rb4 69. Rc2 Rxa4 70. Rxb6 Rd4 71. Rc6 Rd2 72. Rxd2 cxd2 73. Rd6 g5 74. Rxd2 Kg6 75. Rd5 Kh5 76. Rd4 Re3 77. Kg1 h3 78. gxh3 Rxh3 79. Ra4 Rf3 80. Kg2 Rf4 81. Rxf4 gxf4 82. Kf3 Kg5 83. Kf2 Kf6 84. Kf3 Kf5 85. Kf2 Kg4 86. Kg2 f3+ 87. Kf2 Kf4 88. Kf1 Ke3 89. Ke1 f2+ 90. Kf1 Kf3 1/2-1/2